Statistics for 2024 Oscar Nominees

Click here to take the quiz!

General Stats

  • This quiz has been taken 555 times
  • The average score is 13 of 33

Answer Stats

#Movies% Correct
8Barbie
98%
13Oppenheimer
98%
10Killers of the
Flower Moon
72%
11Poor Things
67%
5Anatomy of a Fall
59%
5The Holdovers
59%
7Maestro
55%
1Spider-Man:
Across the Spider-Verse
53%
5The Zone of Interest
52%
5American Fiction
51%
2Past Lives
50%
1The Boy and the Heron
48%
1Elemental
44%
2Nyad
43%
3Napoleon
38%
1Godzilla: Minus One
35%
1Guardians of the Galaxy Vol. 3
35%
1The Color Purple
35%
1Rustin
34%
1May December
31%
2Mission: Impossible –
Dead Reckoning Part One
31%
1Nimona
29%
2Society of the Snow
29%
1Indiana Jones and the
Dial of Destiny
26%
2The Creator
26%
1Robot Dreams
22%
1El Conde
21%
1Flamin' Hot
21%
1Io capitano
19%
1Golda
18%
1Perfect Days
18%
1The Teachers' Lounge
18%
1American Symphony
17%

Score Distribution

Percentile by Number Answered

Percent of People with Each Score

Your Score History

You have not taken this quiz